| 000 | 00400cam a2200145ua 4500 | ||
|---|---|---|---|
| 041 |
_aeng _h |
||
| 082 |
_a630.51 _bLOV/AP |
||
| 100 | _aLove, Harry H . | ||
| 245 |
_aApplication of statistical methods to agricultural sciences / _cHarry H Love. _hTextual Documents |
||
| 260 |
_aNew Delhi : _bCosmo Publications , _c2006. |
||
| 300 | _a500 ; . | ||
| 504 | _a | ||
| 942 | _cBK | ||
| 999 |
_c13198 _d13198 |
||